Волновые передачи с промежуточными телами качения; Прогрессивные технологии и экономика в машиностроении

Bibliografiske detaljer
Parent link:Прогрессивные технологии и экономика в машиностроении.— 2013.— [С. 181-182]
Hovedforfatter: Ивкин А. Н.
Institution som forfatter: Национальный исследовательский Томский политехнический университет (ТПУ) Юргинский технологический институт (филиал) (ЮТИ) Кафедра горно-шахтного оборудования (ГШО)
Andre forfattere: Галеева А. А. (научный руководитель), Громыко П. С., Коперчук А. В. Александр Викторович
Summary:Заглавие с экрана
Sprog:russisk
Udgivet: 2013
Serier:Современные методы проектно-конструкторской деятельности
Fag:
Online adgang:http://www.lib.tpu.ru/fulltext/c/2013/C57/082.pdf
Format: MixedMaterials Electronisk Book Chapter
KOHA link:https://koha.lib.tpu.ru/cgi-bin/koha/opac-detail.pl?biblionumber=606050

MARC

LEADER 00000naa2a2200000 4500
001 606050
005 20231101132401.0
035 |a (RuTPU)RU\TPU\conf\3413 
035 |a RU\TPU\conf\3411 
090 |a 606050 
100 |a 20140515d2013 k y0rusy50 ca 
101 0 |a rus  |g rus 
102 |a RU 
105 |a y z 100zy 
135 |a drcn ---uucaa 
181 0 |a i  
182 0 |a b 
200 1 |a Волновые передачи с промежуточными телами качения  |f А. Н. Ивкин, А. А. Галеева, П. С. Громыко  |g науч. рук. А. В. Коперчук 
203 |a Текст  |c электронный 
215 |a 1 файл(274 Кб) 
225 1 |a Современные методы проектно-конструкторской деятельности 
230 |a Электронные текстовые данные (1 файл: 274 Кб) 
300 |a Заглавие с экрана 
320 |a [Библиогр.: с. 182 (2 назв.)] 
337 |a Adobe Reader 
463 1 |0 (RuTPU)RU\TPU\conf\2057  |t Прогрессивные технологии и экономика в машиностроении  |o сборник трудов IV Всероссийской научно-практической конференции с элементами научной школы для студентов и учащейся молодежи, 4-6 апреля 2013 года, Юрга  |f Национальный исследовательский Томский политехнический университет (ТПУ), Юргинский технологический институт (ЮТИ) ; отв. за вып. Д. А. Чинахов  |v [С. 181-182]  |d 2013 
610 1 |a электронный ресурс 
610 1 |a труды учёных ТПУ 
610 1 |a волновые передачи 
610 1 |a промежуточные тела качения 
700 1 |a Ивкин  |b А. Н. 
701 1 |a Галеева  |b А. А. 
701 1 |a Громыко  |b П. С. 
702 1 |a Коперчук  |b А. В.  |c специалист в области механики и инженерной графики  |c старший преподаватель Юргинского технологического института (филиал) Томского политехнического университета  |f 1974-   |g Александр Викторович  |2 stltpush  |4 727 
712 0 2 |a Национальный исследовательский Томский политехнический университет (ТПУ)  |b Юргинский технологический институт (филиал) (ЮТИ)  |b Кафедра горно-шахтного оборудования (ГШО)  |h 2088  |2 stltpush  |3 (RuTPU)RU\TPU\col\18984 
801 1 |a RU  |b 63413507  |c 20101016 
801 2 |a RU  |b 63413507  |c 20140515  |g RCR 
856 4 |u http://www.lib.tpu.ru/fulltext/c/2013/C57/082.pdf 
942 |c BK